000 00433nam a2200181Ia 4500
005 20240823032201.0
008 240823s9999||||xx |||||||||||||| ||und||
041 _aENGLISH
082 _A004.56 N0
100 _a"Wolverton,Van"
245 0 _aHard Disk Management
250 _a1st
260 _c1990
_b"Microsoft,Washington"
500 _aTransfered
650 _aHard Disk
_bComputer Science
942 _cBK
999 _c192850
_d192850